000 00893cad a22002055a 4500
001 E154828
008 120123s2012 xxk f s000 0 eng d
020 _a9781780456126
035 _a(Sirsi) u154828
041 0 _aeng
110 2 _aScotland
_bScottish Government
_95344
245 0 0 _aInitial assessment of the potential impacts on land use and environment associated with changes to CAP support
_h[electronic resource]
260 _aEdinburgh
_bScottish Government
_c2012
520 _aResponds to a recommendation of the Pack Inquiry (see E151462) that research should be carried out into changes in behaviour cause by changes in CAP support, and their impact on land use.
590 _aKA
651 4 _aScotland
_y1999-
690 _aRural
_96268
856 4 0 _uhttps://www.scotland.gov.uk/Publications/2012/01/2050
_zView the report free of charge at www.scotland.gov.uk
942 _n0
999 _c113181
_d113181